LEADER 01340nam a2200289 i 4500 001 991003280099707536 005 20020509115433.0 008 010514s1974 it 00| 0 ita d 035 $ab11137599-39ule_inst 035 $aPARLA178881$9ExL 040 $aDip.to Filosofia$bita 082 0 $a306.874 100 1 $aLodi, Enrico$0539955 245 10$aIn nome del figlio :$bpiccola enciclopedia altamente istruttiva e alquanto distruttiva, tanto pertinente quanto impertinente dedicata a taluni adulti pervicacemente votati fuor di ogni rimedio alla diseducazione dei fanciulli /$cEnrico Lodi, Mario Moraro ; introduzione di Emanuele Pirella 260 $aRimini :$bGuaraldi,$c1974 300 $a137 p. :$bill. ;$c22 cm 490 0 $aFC 650 4$aFanciulli$xRapporti con i genitori 700 1 $aMoraro, Mario$eauthor$4http://id.loc.gov/vocabulary/relators/aut$0736728 700 1 $aPirella, Emanuele 907 $a.b11137599$b23-02-17$c28-06-02 912 $a991003280099707536 945 $aLE005IF XXX F 47$g1$iLE005IFA-8917$lle005$o-$pE0.00$q-$rl$s- $t0$u0$v0$w0$x0$y.i11277051$z28-06-02 945 $aLE022 MP 76 C 27$g1$i2022000087650$lle022$o-$pE0.00$q-$rl$s- $t0$u0$v0$w0$x0$y.i13955317$z06-12-04 996 $aIn nome del figlio$91456956 997 $aUNISALENTO 998 $ale005$ale022$b01-01-01$cm$da $e-$fita$git $h0$i1 LEADER 04540nam 2200469Ia 450 001 9911019255203321 005 20200520144314.0 010 $a9781119993414 (e-book) 010 $a9780470657645 (hbk.) 035 $a(MiAaPQ)EBC661843 035 $a(MiAaPQ)EBC4041502 035 $a(CKB)4330000000000579 035 $a(EXLCZ)994330000000000579 100 $a20100930d2011 uy 0 101 0 $aeng 135 $aurcnu|||||||| 181 $ctxt$2rdacontent 182 $cc$2rdamedia 183 $acr$2rdacarrier 200 12$aA contractor's guide to the FIDIC conditions of contract /$fMichael D. Robinson 205 $a1st ed. 210 $aHoboken, [N.J.] $cWiley-Blackwell$dc2011 215 $a1 online resource (ix, 261 p.) 320 $aIncludes bibliographical references and indexes. 327 $a1. Review of the FIDIC conditions for construction (CONS) - (the 'Red Book') -- 2. Activities and duties of the FIDIC Contractor's Representative discussed in the same order as they appear in the FIDIC conditions of contract -- 3. Activities and duties of the FIDIC Contractor's Representative summarised and arranged in time sequence -- Appendices. Appendix A: Contractor's Claims Under a CONS Contract -- Appendix B: Employer's Claims Under a CONS Contract -- Appendix C: Conditions of Contract for Plant and Design-Build (P & DB) -- The Yellow Book -- Appendix D: Conditions of Contract for EPC/Turnkey Projects (EPCT) -- The Silver Book -- Appendix E: Other FIDIC Publications -- Appendix F: Model Form for Submissions to the Engineer for Approval and/or Consent -- Appendix G: Model Form of Daywork/Daily Record Sheets -- Appendix H: Evaluation of Cost -- Appendix I: Contractor's Overhead Costs -- Appendix J: Model Letters for Use by the Contractor -- Introduction to Indexes -- Index of Sub-Clauses (FIDIC System) -- Index of Sub-Clauses (Sorted According to FIDIC Clause Numbering System). 330 $aThis guide will help the contractor's staff overcome some of the difficulties encountered on a typical international contract using FIDIC forms. The majority of FIDIC-based contracts use the Red Book (Conditions of Contract for Construction), so this book concentrates on the use of those particular forms. Supplementary comments are included in Appendix C for the Yellow Book (Plant & Design-Build) recommended for use where the contractor has a design responsibility. The Contractor is represented on site by the Contractor's Representative who carries the overall responsibility for all the Contractor's on-site activities. In order to provide guidance to the Contractor's Representative and his staff, this book is divided into five sections: A summarized general review of the Red Book from the Contractor's perspective; A review of the activities and duties of the Contractor's Representative in the same clause sequencing as they appear in the Red Book; A summary of these activities and duties but arranged in order of their likely time sequence on site. This has the added intention of providing the Contractor's Representative with a means of ensuring that documents are not only properly provided to the Employer and Engineer, but most importantly that they are provided within the time limits specified in the Contract; A selection of model letters is provided which make reference to the various clauses of the contract requiring the Contractor to make submissions to the Employer or Engineer; Various appendices. The guide is not intended to be a review of the legal aspects of FIDIC- based contracts; legal advice should be obtained as and when necessary, particularly if the Contractor has little or no knowledge of the local law. Armed on site with a copy of The Contractor and the FIDIC Contract, the Contractor's Representative will be more able to avoid contractual problems rather than spend considerable time and energy resolving those problems once they have arisen. 606 $aConstruction contracts 606 $aEngineering contracts 606 $aArchitectural contracts 606 $aStandardized terms of contract 615 0$aConstruction contracts. 615 0$aEngineering contracts. 615 0$aArchitectural contracts. 615 0$aStandardized terms of contract. 676 $a343/.07869 700 $aRobinson$b Michael D.$cconsulting engineer.$037662 801 0$bMiAaPQ 801 1$bMiAaPQ 801 2$bMiAaPQ 912 $a9911019255203321 996 $aA contractor's guide to the FIDIC conditions of contract$94421142 997 $aUNINA LEADER 02477oam 2200613 c 450 001 9910477321203321 005 20240922213721.0 024 7 $a10.3726/b12106 035 $a(CKB)4340000000239084 035 $a(oapen)https://directory.doabooks.org/handle/20.500.12854/28592 035 $a(PH02)9783954795901 035 $a(MiAaPQ)EBC31203086 035 $a(oapen)doab28592 035 $a(EXLCZ)994340000000239084 100 $a20240525d1986 uy 0 101 0 $ager 135 $aurnnunnnannuu 181 $ctxt$2rdacontent 182 $cc$2rdamedia 183 $acr$2rdacarrier 200 14$aThe Slavonic Calvinist Reading-Primer in Trinity College Dublin Library$eTeil 1$fChristopher Roberts 205 $a1st, New ed. 210 $aFrankfurt a.M$cPH02$d1986 215 $a1 online resource (192 p.)$c, EPDF 225 0 $aSpecimina philologiae Slavicae$v61 300 $aPeter Lang GmbH, Internationaler Verlag der Wissenschaften 311 08$a3-95479-590-6 327 $aP r e f a c e - T r a n s c r i p t i o n - I n t r o d u c t i o n - A p p e n d i x : E r r a t a a n d a d d e n d a - R e f e r e n c e s 330 $aThe volume represent ed by mss. 1684 and 1694 was given to Trinity College in December 1706 by an alumnus called Alexander Jephson. There is no (...) external information about the provenance, date of composition or authorship of the document... The manuscript consists of 196 pages, formed from eleven 16-page gatherings, one 12-page and finally two 4-page gatherings. Text teilw. Altslaw. Durchsuchbare elektronische Faksimileausgabe als PDF. Digitalisiert im Rahmen des DFG-Projektes Digi20 in Kooperation mit der BSB Mu?nchen. 517 $aSlavonic Calvinist Reading-Primer in Trinity College Dublin Library 606 $aLanguage$2bicssc 610 $aAlexander Jephson 610 $aCalvinist 610 $aCollege 610 $aDublin 610 $aKirche 610 $aLibrary 610 $aPrimer 610 $aReading 610 $aReligion 610 $aRoberts 610 $aRussland 610 $aSlavische Sprachwissenschaft 610 $aSlavonic 610 $aTeil 610 $aTrinity 615 7$aLanguage 700 $aRoberts$b Christopher$4aut$01277897 801 0$bPH02 801 1$bPH02 906 $aBOOK 912 $a9910477321203321 996 $aThe Slavonic Calvinist Reading-Primer in Trinity College Dublin Library$93012228 997 $aUNINA